[Event "Fagernes Norsk op-B"]
[Site "Fagernes"]
[Date "2014.04.13"]
[Round "5"]
[White "Machlik, Endre"]
[Black "Hoelleland, Sigve"]
[Result "0-1"]
[WhiteElo "1790"]
[BlackElo "1871"]
[PlyCount "116"]
[EventDate "2014.04.13"]
[EventType "swiss"]
[EventRounds "9"]
[EventCountry "NOR"]
[SourceTitle "EXT 2016"]
[Source "ChessBase"]
[SourceDate "2015.10.08"]
[SourceVersion "1"]
[SourceVersionDate "2015.10.08"]
[SourceQuality "1"]

1. d4 d5 2. c4 e6 3. Nc3 Nf6 4. cxd5 exd5 5. Bg5 Bb4 6. a3 Bxc3+ 7. bxc3 c6 8. e3 Qa5 9. Bxf6 Qxc3+ 10. Ke2 gxf6 11. Kf3 Rg8 12. Qb1 Bg4+ 13. Kf4 Bc8 14. Bd3 Rxg2 15. Bxh7 Qd2 16. Qe1 Rxf2+ 17. Nf3 Qxe1 18. Raxe1 Rg2 19. Reg1 Rxg1 20. Rxg1 Nd7 21. h4 Nf8 22. Rg8 Ke7 23. Bb1 Bd7 24. Kg3 Re8 25. h5 Ne6 26. Rxe8+ Kxe8 27. Nh4 Kf8 28. h6 Nc7 29. Kf3 Nb5 30. a4 Nd6 31. Kf4 Kg8 32. Bd3 a5 33. Nf3 b5 34. Bc2 bxa4 35. Bxa4 Kh7 36. Nd2 Kxh6 37. Nb3 Nc4 38. Nc5 Be8 39. Nb7 Kg7 40. Nc5 Kf8 41. Bb3 Nb6 42. Kf5 Ke7 43. Kf4 Bd7 44. Kf3 Bc8 45. Ke2 Nd7 46. Na4 Ba6+ 47. Kd2 Bb5 48. Nc3 Nb6 49. e4 a4 50. Ba2 Bc4 51. Bxc4 Nxc4+ 52. Kd3 Nb6 53. exd5 cxd5 54. Ke3 Ke6 55. Kf4 a3 56. Ke3 f5 57. Kf4 Kf6 58. Na2 Na4 0-1

[Event "Bergen NGP op"]
[Site "Bergen"]
[Date "2013.05.31"]
[Round "4"]
[White "Hoelleland, Sigve"]
[Black "Nilsen, Martin"]
[Result "1-0"]
[WhiteElo "1633"]
[BlackElo "1762"]
[PlyCount "115"]
[EventDate "2013.05.31"]
[EventType "swiss"]
[EventRounds "5"]
[EventCountry "NOR"]
[SourceTitle "CBM 154 Extra"]
[Source "ChessBase"]
[SourceDate "2013.06.25"]
[SourceVersion "2"]
[SourceVersionDate "2013.06.25"]
[SourceQuality "1"]

1. c4 c6 2. Nc3 Nf6 3. Nf3 d5 4. d4 g6 5. Bg5 Bg7 6. e3 0-0 7. Bd3 Be6 8. cxd5 cxd5 9. Qb3 b6 10. 0-0 Ne4 11. Bh4 Nxc3 12. bxc3 Nc6 13. Nd2 a6 14. a4 f5 15. Rab1 Qd7 16. Qxb6 Rfb8 17. Qc5 Rc8 18. Qa3 Bf7 19. Rb6 e5 20. Bxa6 Rxa6 21. Rxa6 Qb7 22. Rxc6 Qxc6 23. Rb1 f4 24. Qe7 Bf8 25. Qxe5 Qxc3 26. Nf1 Qd3 27. Rb8 Qa6 28. Rxc8 Qxc8 29. exf4 Qa8 30. f5 gxf5 31. Qxf5 Qxa4 32. Qg5+ Bg7 33. Qd8+ Qe8 34. Qxe8+ Bxe8 35. Ne3 Bf7 36. Nf5 Bf8 37. Be7 Bg7 38. Bc5 Be6 39. Ne3 Bh6 40. Nc2 Bd2 41. h3 Bf5 42. Nb4 Bxb4 43. Bxb4 Kg7 44. g4 Be4 45. f4 h5 46. Kf2 Kg6 47. Kg3 Bd3 48. f5+ Kh6 49. Kf4 Bf1 50. g5+ Kg7 51. h4 Bd3 52. Bd6 Kf7 53. g6+ Kg7 54. Kg5 Kg8 55. f6 Kh8 56. Kh6 Bc2 57. f7 Bxg6 58. Be5# 1-0

[Event "Bergen NGP op"]
[Site "Bergen"]
[Date "2013.05.31"]
[Round "5"]
[White "Hoelleland, Sigve"]
[Black "Vage, Edvard"]
[Result "1/2-1/2"]
[WhiteElo "1633"]
[BlackElo "1474"]
[PlyCount "130"]
[EventDate "2013.05.31"]
[EventType "swiss"]
[EventRounds "5"]
[EventCountry "NOR"]
[SourceTitle "CBM 154 Extra"]
[Source "ChessBase"]
[SourceDate "2013.06.25"]
[SourceVersion "2"]
[SourceVersionDate "2013.06.25"]
[SourceQuality "1"]

1. c4 Nf6 2. Nc3 e6 3. d4 Bb4 4. Bd2 c5 5. e3 b6 6. Be2 Bb7 7. Bf3 Bxf3 8. Nxf3 0-0 9. 0-0 d6 10. Qc2 Nbd7 11. a3 Bxc3 12. Bxc3 Rc8 13. dxc5 Nxc5 14. Ng5 e5 15. f4 e4 16. b4 Ncd7 17. Nxe4 d5 18. Bxf6 Nxf6 19. Nxf6+ Qxf6 20. c5 bxc5 21. bxc5 Qe7 22. Qd3 Rxc5 23. Rac1 Re8 24. Rb1 h6 25. Rb3 Rec8 26. h3 Qe6 27. Rb7 Rc3 28. Qd4 Rxa3 29. Rxa7 Qxe3+ 30. Qxe3 Rxe3 31. Rd7 Rc2 32. Rf3 Rxf3 33. gxf3 Rd2 34. f5 Kf8 35. f4 Ke8 36. Ra7 Rd4 37. Ra5 Ke7 38. Kg2 Rxf4 39. Rxd5 Kf6 40. Kg3 Rxf5 41. Rd6+ Ke5 42. Ra6 Rg5+ 43. Kh4 Kf4 44. Ra4+ Kf3 45. Ra3+ Kg2 46. Ra2+ Kh1 47. Ra1+ Kg2 48. Ra2+ Kf3 49. Ra3+ Ke4 50. Ra4+ Kf5 51. Ra5+ Kg6 52. Ra6+ Kf5 53. Ra5+ Ke4 54. Ra4+ Kd3 55. Ra3+ Kc4 56. Ra4+ Kb5 57. Ra5+ Kb6 58. Ra6+ Kc7 59. Ra7+ Kd6 60. Ra6+ Ke5 61. Ra5+ Kf6 62. Ra6+ Kf5 63. Ra5+ Kg6 64. Ra6+ Kh7 65. Rxh6+ Kxh6 1/2-1/2